[Event "79th ARM-ch 1st League 2018"]
[Site "Yerevan"]
[Date "2018.08.17"]
[Round "8"]
[White "Sargsyan, Shant"]
[Black "Hayrapetyan, Hovik"]
[Result "1/2-1/2"]
[WhiteElo "2472"]
[BlackElo "2439"]
[Annotator "ChessBase"]
[PlyCount "209"]
[EventDate "2018.08.09"]
[EventType "tourn"]
[EventCountry "ARM"]
[SourceTitle "playchess.com"]
[Source "ChessBase"]
[SourceQuality "1"]
[TimeControl "40/5400+30:1800+30"]

1. e4 {[%emt 0:00:29]} c5 {[%emt 0:01:30]} 2. Nf3 {[%emt 0:00:10]} e6 {[%emt 0:00:04]} 3. d4 {[%emt 0:00:26]} cxd4 {[%emt 0:00:04]} 4. Nxd4 {[%emt 0:00:05]} a6 {[%emt 0:00:03]} 5. c4 {[%emt 0:00:53]} Nf6 {[%emt 0:00:46]} 6. Nc3 {[%emt 0:00:10]} Qc7 {[%emt 0:00:36]} 7. Be2 {[%emt 0:00:52]} b6 {[%emt 0:01:31]} 8. O-O {[%emt 0:00:47]} Bb7 {[%emt 0:00:22]} 9. Qd3 {[%emt 0:01:27]} Bb4 {[%emt 0:04:37]} 10. Nd5 {[%emt 0:22:48]} exd5 {[%emt 0:02:02]} 11. exd5 {[%emt 0:01:05]} O-O {[%emt 0:03:33]} 12. Nf5 {[%emt 0:04:57]} Qe5 {[%emt 0:15:14]} 13. a3 {[%emt 0:13:51]} Bc5 {[%emt 0:43:26]} 14. b4 {[%emt 0:07:51]} Qxa1 {[%emt 0:16:30]} 15. Bf4 {[%emt 0:03:36]} Qb2 {[%emt 0:01:08]} 16. Rb1 {[%emt 0:01:46]} Qa2 {[%emt 0:00:02]} 17. bxc5 {[%emt 0:13:58]} Re8 {[%emt 0:01:05]} 18. Bf1 {[%emt 0:00:44]} Ne4 {[%emt 0:00:23]} 19. Qd4 {[%emt 0:01:20]} f6 {[%emt 0:00:01]} 20. Rxb6 {[%emt 0:01:21]} Qxa3 {[%emt 0:05:34]} 21. Rxb7 {[%emt 0:04:29]} Qxc5 {[%emt 0:00:01]} 22. Qb2 {[%emt 0:00:08]} a5 {[%emt 0:00:32]} 23. Rb5 {[%emt 0:02:07]} Qa7 {[%emt 0:01:54]} 24. Be3 {[%emt 0:01:01]} Qc7 {[%emt 0:00:25]} 25. f3 {[%emt 0:00:57]} Nd6 {[%emt 0:00:34]} 26. Bb6 {[%emt 0:00:34]} Nxc4 {[%emt 0:00:30]} 27. Bxc7 {[%emt 0:01:23]} Nxb2 {[%emt 0:00:02]} 28. Rxb2 {[%emt 0:00:28]} a4 {[%emt 0:00:23]} 29. Ra2 {[%emt 0:00:46]} g6 {[%emt 0:01:06]} 30. Nd6 {[%emt 0:01:11]} Re1 {[%emt 0:00:01]} 31. Nc4 {[%emt 0:00:33]} Na6 {[%emt 0:00:54]} 32. Bd6 {[%emt 0:01:11]} Rc8 {[%emt 0:00:00]} 33. Rxa4 {[%emt 0:01:21]} Nc5 {[%emt 0:00:20]} 34. Bxc5 {[%emt 0:02:44]} Rxc5 {[%emt 0:00:01]} 35. Kf2 {[%emt 0:00:10]} Rc1 {[%emt 0:00:24]} 36. Ne3 {[%emt 0:00:17]} f5 {[%emt 0:00:46]} 37. f4 {[%emt 0:00:41]} Kf7 {[%emt 0:00:40]} 38. Be2 {[%emt 0:01:59]} Rb1 {[%emt 0:00:28]} 39. Ra7 {[%emt 0:01:40]} Ke7 {[%emt 0:00:14]} 40. Ra8 {[%emt 0:00:00]} Rb4 {[%emt 0:00:00]} 41. g3 {[%emt 0:03:30]} Rc3 {[%emt 0:03:35]} 42. Ra2 {[%emt 0:03:23]} Rd4 {[%emt 0:01:12]} 43. Bf3 {[%emt 0:02:31]} Rdd3 {[%emt 0:01:35]} 44. Re2 {[%emt 0:00:16]} Kf6 {[%emt 0:00:46]} 45. Bg2 {[%emt 0:02:30]} h6 {[%emt 0:00:12]} 46. Nf1 {[%emt 0:08:02]} g5 {[%emt 0:01:19]} 47. fxg5+ {[%emt 0:01:28]} hxg5 {[%emt 0:00:01]} 48. Nd2 {[%emt 0:00:15]} g4 {[%emt 0:00:50]} 49. Nf1 {[%emt 0:01:03]} Rd4 {[%emt 0:00:05]} 50. Ne3 {[%emt 0:03:10]} Kg5 {[%emt 0:00:10]} 51. h4+ {[%emt 0:02:46]} gxh3 {[%emt 0:00:34]} 52. Bxh3 {[%emt 0:00:00]} f4 {[%emt 0:00:09]} 53. gxf4+ {[%emt 0:00:08]} Rxf4+ {[%emt 0:00:22]} 54. Ke1 {[%emt 0:00:10]} Rd4 {[%emt 0:18:04]} 55. Bxd7 {[%emt 0:02:38]} Rxe3 {[%emt 0:02:13]} 56. Rxe3 {[%emt 0:00:04]} Rxd5 {[%emt 0:00:02]} 57. Bc6 {[%emt 0:01:13]} Kf4 {[%emt 0:00:30]} 58. Rc3 {[%emt 0:00:10]} Rd4 {[%emt 0:00:16]} 59. Ke2 {[%emt 0:00:18]} Rb4 {[%emt 0:01:02]} 60. Kd3 {[%emt 0:00:23]} Ke5 {[%emt 0:00:20]} 61. Ke3 {[%emt 0:00:16]} Rb1 {[%emt 0:00:31]} 62. Bf3 {[%emt 0:00:35]} Rb5 {[%emt 0:00:35]} 63. Ra3 {[%emt 0:00:31]} Rc5 {[%emt 0:00:07]} 64. Be2 {[%emt 0:00:06]} Rd5 {[%emt 0:00:11]} 65. Bc4 {[%emt 0:00:07]} Rc5 {[%emt 0:00:08]} 66. Ra4 {[%emt 0:00:06]} Kf5 {[%emt 0:01:09]} 67. Kd4 {[%emt 0:00:07]} Re5 {[%emt 0:00:43]} 68. Bd3+ {[%emt 0:00:47]} Kf6 {[%emt 0:00:01]} 69. Ra1 {[%emt 0:00:45]} Re6 {[%emt 0:01:27]} 70. Be4 {[%emt 0:00:29]} Rb6 {[%emt 0:01:47]} 71. Rf1+ {[%emt 0:00:39]} Ke7 {[%emt 0:01:06]} 72. Bd5 {[%emt 0:00:24]} Rf6 {[%emt 0:01:17]} 73. Ra1 {[%emt 0:00:10]} Kd6 {[%emt 0:01:31]} 74. Ra5 {[%emt 0:00:06]} Rf4+ {[%emt 0:00:23]} 75. Be4 {[%emt 0:00:03]} Rf6 {[%emt 0:00:40]} 76. Bf5 {[%emt 0:00:05]} Kc7 {[%emt 0:00:05]} 77. Ke5 {[%emt 0:00:12]} Kb6 {[%emt 0:00:31]} 78. Ra1 {[%emt 0:00:13]} Rh6 {[%emt 0:00:52]} 79. Be6 {[%emt 0:00:19]} Kc5 {[%emt 0:00:26]} 80. Rc1+ {[%emt 0:00:38]} Kb4 {[%emt 0:00:01]} 81. Kd6 {[%emt 0:01:10]} Rh4 {[%emt 0:00:26]} 82. Rc8 {[%emt 0:01:51]} Rd4+ {[%emt 0:00:15]} 83. Bd5 {[%emt 0:00:04]} Rh4 {[%emt 0:00:06]} 84. Rb8+ {[%emt 0:00:35]} Kc3 {[%emt 0:00:01]} 85. Rb3+ {[%emt 0:00:10]} Kd2 {[%emt 0:00:20]} 86. Ke5 {[%emt 0:00:09]} Ke2 {[%emt 0:00:42]} 87. Be4 {[%emt 0:00:14]} Rh8 {[%emt 0:00:13]} 88. Kd4 {[%emt 0:01:48]} Rd8+ {[%emt 0:00:39]} 89. Bd5 {[%emt 0:00:01]} Kf2 {[%emt 0:01:35]} 90. Rf3+ {[%emt 0:00:04]} Ke2 {[%emt 0:00:54]} 91. Rf5 {[%emt 0:00:59]} Rd6 {[%emt 0:00:28]} 92. Re5+ {[%emt 0:00:11]} Kf2 {[%emt 0:01:02]} 93. Rg5 {[%emt 0:00:04]} Rd8 {[%emt 0:00:42]} 94. Rg2+ {[%emt 0:00:07]} Kf1 {[%emt 0:00:09]} 95. Ra2 {[%emt 0:00:23]} Kg1 {[%emt 0:00:47]} 96. Ke4 {[%emt 0:00:25]} Rd7 {[%emt 0:01:18]} 97. Rd2 {[%emt 0:00:23]} Ra7 {[%emt 0:00:59]} 98. Kf4 {[%emt 0:01:02]} Kf1 {[%emt 0:01:07]} 99. Bf3 {[%emt 0:02:27]} Ke1 {[%emt 0:00:54]} 100. Rb2 {[%emt 0:01:44]} Ra3 {[%emt 0:02:14]} 101. Kg3 {[%emt 0:00:08]} Re3 {[%emt 0:00:06]} 102. Kf4 {[%emt 0:01:09]} Rd3 {[%emt 0:00:40]} 103. Rh2 {[%emt 0:02:10]} Rd2 {[%emt 0:00:29]} 104. Rxd2 {[%emt 0:00:17]} Kxd2 105. Ke4 1/2-1/2

[Event "79th ARM-ch 1st League 2018"]
[Site "Yerevan"]
[Date "2018.08.17"]
[Round "8"]
[White "Davtyan, Artur"]
[Black "Martirosyan, Garik"]
[Result "1-0"]
[WhiteElo "2353"]
[BlackElo "2145"]
[Annotator "TA"]
[PlyCount "59"]
[EventDate "2018.08.09"]
[EventType "tourn"]
[EventCountry "ARM"]
[SourceTitle "playchess.com"]
[Source "ChessBase"]
[SourceQuality "1"]

{[%evp 14,59,12,0,0,0,45,-11,0,0,0,0,0,0,0,0,0,0,0,-7,-8,-22,-19,-18,0,0,-7,-37,195,193,179,182,478,484,484,479,465,453,758,766,29989,29990,29985,29986,29995,29996,29997,29998]} 1. d4 Nf6 2. c4 e6 3. Nf3 d5 4. Nc3 Be7 5. g3 O-O 6. Bg2 dxc4 7. Ne5 Qd6 {E06: Katalanisch} 8. O-O {LiveBook: 3 Partien} Qa6 9. a4 c6 $146 {Die Stellung ist ausgeglichen.} ({Vorgänger:} 9... Rd8 10. Nb5 Ne8 11. Qc2 Nc6 12. Qxc4 Nxd4 13. Be3 Nf5 14. Bc5 Bxc5 15. Qxc5 {1-0 (49) Meier,G (2628)-Nisipeanu,L (2672) Dortmund 2018}) 10. e4 (10. Bg5 $14) 10... Nbd7 11. f4 Nxe5 12. fxe5 Nd7 13. Bf4 Qb6 14. Rf2 a5 15. Bf1 Qa6 16. Qg4 {Schwarz muss nun Lh6 beachten.} Kh8 17. Bg5 Bxg5 18. Qxg5 Qb6 19. Rd1 $1 $36 {[%mdl 2048] Weiss hat gut koordiniertes Spiel.} Qb4 20. Bh3 f6 $2 (20... h6 $15 {behält die Oberhand.} 21. Qh5 Nb6) 21. exf6 $18 gxf6 22. Qh4 $1 Qe7 $2 {[#]} (22... Re8 {war angesagt.} 23. d5 Qe7) 23. e5 $1 {[%mdl 512]} Qg7 {[#]} (23... fxe5 24. Qxe7) 24. exf6 $1 Rxf6 25. Rdf1 {[%cal Bd1f1,Bf1f2,Bf2f8][%mdl 32]} Rxf2 (25... Qh6 $142 26. Rxf6 Qxh4 27. gxh4 Nxf6 28. Rxf6 Bd7) 26. Rxf2 e5 27. Qd8+ {Weiß setzt Matt.} Qg8 28. Qe7 exd4 29. Be6 Qg6 {[#]} 30. Rf8+ $1 {[%mdl 512] Precision: Weiß = 82%, Schwarz = 35%.} 1-0

[Event "79th ARM-ch 1st League 2018"]
[Site "Yerevan"]
[Date "2018.08.17"]
[Round "8"]
[White "Gharibyan, Mamikon"]
[Black "Babujian, Levon"]
[Result "0-1"]
[WhiteElo "2341"]
[BlackElo "2459"]
[Annotator "RC"]
[PlyCount "122"]
[EventDate "2018.08.09"]
[EventType "tourn"]
[EventCountry "ARM"]
[SourceTitle "playchess.com"]
[Source "ChessBase"]
[SourceQuality "1"]
[TimeControl "40/5400+30:1800+30"]

1. d4 {[%emt 0:00:14]} Nf6 {[%emt 0:00:00]} 2. c4 {[%emt 0:00:41]} g6 {[%emt 0:00:00]} 3. Nc3 {[%emt 0:00:54]} d5 {[%emt 0:00:00]} 4. Nf3 {[%emt 0:02:05]} Bg7 {[%emt 0:00:15]} 5. Bg5 {[%emt 0:04:32]} Ne4 {[%emt 0:01:04]} 6. Bh4 {[%emt 0:02:50]} c5 {[%emt 0:04:09]} 7. cxd5 {[%emt 0:06:56]} Nxc3 {[%emt 0:06:37]} 8. bxc3 {[%emt 0:00:08]} cxd4 {[%emt 0:00:36]} 9. cxd4 {[%emt 0:01:31]} Qxd5 {[%emt 0:00:14]} 10. e3 {[%emt 0:01:25]} Nc6 {[%emt 0:00:05]} 11. Be2 {[%emt 0:09:09]} O-O {[%emt 0:01:34]} 12. O-O {[%emt 0:00:27]} Bf5 {[%emt 0:00:41]} 13. Bg3 {[%emt 0:03:48]} Rac8 {[%emt 0:02:31]} 14. Qb3 {[%emt 0:06:26]} Qxb3 {[%emt 0:02:32]} 15. axb3 {[%emt 0:00:49]} a6 {[%emt 0:00:11]} 16. Rfc1 {[%emt 0:03:56]} Nb4 {[%emt 0:02:55]} 17. Rc4 {[%emt 0:01:19]} Nc2 {[%emt 0:05:08]} 18. Rc1 {[%emt 0:09:23]} b5 {[%emt 0:00:24]} 19. Rc7 {[%emt 0:02:06]} Bh6 {[%emt 0:05:42]} 20. Kh1 {[%emt 0:05:18]} Nb4 {[%emt 0:12:57]} 21. Ne5 {[%emt 0:08:10]} Rxc7 {[%emt 0:04:47]} 22. Rxc7 {[%emt 0:00:08]} Rc8 {[%emt 0:00:38]} 23. Rxc8+ {[%emt 0:04:24]} Bxc8 {[%emt 0:00:16]} 24. Nd3 {[%emt 0:01:52]} Nxd3 {[%emt 0:02:20]} 25. Bxd3 {[%emt 0:01:01]} f5 {[%emt 0:02:07]} 26. Bc7 {[%emt 0:07:32]} Kf7 {[%emt 0:01:06]} 27. Kg1 {[%emt 0:02:52]} Ke6 {[%emt 0:01:28]} 28. Kf1 {[%emt 0:00:42]} Bb7 {[%emt 0:00:06]} 29. h3 {[%emt 0:04:08]} Kd7 {[%emt 0:03:05]} 30. Bb6 {[%emt 0:00:54]} Bd5 {[%emt 0:01:05]} 31. b4 {[%emt 0:01:06]} Kc6 {[%emt 0:01:33]} 32. Bc5 {[%emt 0:01:27]} e5 {[%emt 0:00:36]} 33. g4 {[%emt 0:02:31]} e4 {[%emt 0:01:12]} 34. Bc2 {[%emt 0:00:47]} Bc4+ {[%emt 0:02:35]} 35. Kg2 {[%emt 0:00:43]} Kd5 {[%emt 0:08:04]} 36. gxf5 {[%emt 0:01:12]} gxf5 {[%emt 0:00:05]} 37. f4 {[%emt 0:00:44]} Bg7 {[%emt 0:02:07]} 38. Bd1 {[%emt 0:01:40]} Bf6 {[%emt 0:00:31]} 39. Bh5 {[%emt 0:01:49]} Ke6 {[%emt 0:10:28]} 40. Be8 {[%emt 0:00:00]} Bh4 {[%emt 0:00:00]} 41. Bb6 {[%emt 0:06:15]} Be1 {[%emt 0:09:12]} 42. Ba5 {[%emt 0:00:47]} Kd6 {[%emt 0:00:45]} 43. Bh5 {[%emt 0:03:20]} Bh4 {[%emt 0:01:33]} 44. Kg1 {[%emt 0:01:30]} Be6 {[%emt 0:05:41]} 45. Bd1 {[%emt 0:01:25]} Bf7 {[%emt 0:00:11]} 46. Kg2 {[%emt 0:01:50]} Kc6 {[%emt 0:02:04]} 47. Kf1 {[%emt 0:00:55]} Be7 {[%emt 0:01:27]} 48. Ke1 {[%emt 0:00:50]} h5 {[%emt 0:01:07]} 49. Kd2 {[%emt 0:10:03]} Bh4 {[%emt 0:02:27]} 50. Be2 {[%emt 0:02:04]} Be7 {[%emt 0:09:56]} 51. Kc3 {[%emt 0:00:50]} h4 {[%emt 0:00:46]} 52. Kd2 {[%emt 0:03:42]} Bc4 {[%emt 0:10:10]} 53. Bh5 {[%emt 0:03:48]} Bf1 {[%emt 0:00:42]} 54. Be8+ {[%emt 0:00:05]} Kb7 {[%emt 0:00:37]} 55. Bd7 {[%emt 0:01:26]} Bxh3 {[%emt 0:00:08]} 56. Ke2 {[%emt 0:00:38]} Bg4+ {[%emt 0:00:49]} 57. Kf1 {[%emt 0:00:47]} h3 {[%emt 0:01:03]} 58. d5 {[%emt 0:00:14]} Bh4 {[%emt 0:04:04]} 59. Bc6+ {[%emt 0:00:43]} Ka7 {[%emt 0:00:04]} 60. d6 {[%emt 0:00:27]} Bf3 {[%emt 0:00:10]} 61. Kg1 {[%emt 0:00:34]} Bg3 {[%emt 0:00:06]} 0-1

[Event "79th ARM-ch 1st League 2018"]
[Site "Yerevan"]
[Date "2018.08.17"]
[Round "8"]
[White "Poghosyan, Suren"]
[Black "Mkrtchyan, Sargis R"]
[Result "1-0"]
[WhiteElo "2301"]
[BlackElo "2239"]
[Annotator "TA"]
[PlyCount "46"]
[EventDate "2018.08.09"]
[EventType "tourn"]
[EventCountry "ARM"]
[SourceTitle "playchess.com"]
[Source "ChessBase"]
[SourceQuality "1"]

{[%evp 11,46,0,33,-84,16,16,6,5,16,13,11,8,38,20,53,45,50,2,73,83,453,450,458,457,451,450,576,576,574,572,636,558,623,592,685,645,779]} 1. e4 e5 2. Nf3 Nc6 3. Bc4 Nf6 4. d4 exd4 5. e5 Ng4 6. O-O d6 {LiveBook: 65 Games} 7. e6 {C56: Two Knights: 4 d4 exd4 5 0-0 Nxe4} (7. exd6 $1 $14 {stays ahead.} Bxd6 8. Re1+ Kf8 9. Bb3) 7... Bxe6 (7... fxe6 $17 8. Nxd4 Nxd4 9. Qxd4 e5) 8. Bxe6 $11 fxe6 9. Ng5 $1 {The position is equal.} Nf6 {And now ...Qd7 would win.} 10. Nxe6 Qd7 11. Re1 Kf7 12. Nxd4 d5 $146 ({Predecessor:} 12... Be7 13. Nc3 Rhe8 14. Nd5 Nxd5 {1-0 (71) Akopian,G-Novopashin,A (2435) Novosibirsk 1976}) 13. Bg5 $36 {[%mdl 2048] Black must now prevent Bxf6. White is more active.} Be7 14. Nc3 Rhe8 (14... Nxd4 $11 {remains equal.} 15. Qxd4 c6) 15. Ne6 $16 Kg8 $2 {[%mdl 8192] [#]} (15... d4 $16 16. Bxf6 Bxf6 17. Qh5+ Kg8 18. Nxc7 Be5 19. Nxa8 (19. Nxe8 dxc3 20. Rxe5 cxb2 $14) 19... dxc3) 16. Bxf6 $1 $18 {White is clearly winning.} Bxf6 17. Nxd5 Qf7 18. Ndxc7 Bxb2 19. Nxe8 Rxe8 20. Ng5 Rxe1+ 21. Qxe1 Qg6 22. Rb1 Be5 23. Nf3 Qxc2 {Precision: White = 76%, Black = 10%.} 1-0

[Event "79th ARM-ch 1st League 2018"]
[Site "Yerevan"]
[Date "2018.08.18"]
[Round "9"]
[White "Babujian, Levon"]
[Black "Hakobyan, Aram"]
[Result "0-1"]
[WhiteElo "2459"]
[BlackElo "2545"]
[Annotator "TA"]
[PlyCount "74"]
[EventDate "2018.08.09"]
[EventType "tourn"]
[EventCountry "ARM"]
[SourceTitle "playchess.com"]
[Source "ChessBase"]
[SourceQuality "1"]

{[%evp 12,74,-10,-56,0,-19,-6,-36,0,-17,0,-43,0,0,3,-97,-66,-85,-96,-158,-156,-339,-328,-336,-326,-356,-347,-360,-324,-386,-392,-385,-377,-456,-445,-437,-413,-612,-614,-601,-596,-594,-573,-629,-633,-704,-624,-610,-566,-623,-619,-709,-709,-700,-708,-706,-705,-722,-689,-850,-814,-1060,-962,-1047,-1039]} 1. e4 e6 2. d4 d5 3. Nc3 Bb4 4. e5 c5 5. Bd2 Ne7 6. dxc5 Nbc6 7. Qh5 {LiveBook: 4 Games. C17: French: 3 Nc3 Bb4 4 e5 c5 sidelines} (7. Qg4 Ng6 8. Nf3 Bxc5 9. Qh5 Qb6 10. O-O-O Bxf2 11. Kb1 Bd7 12. Bd3 Nb4 13. Bxg6 fxg6 14. Qg4 Rc8 15. Rhf1 Rc4 {0-1 (33) Vajic,G (2294)-Krishna,C (2416) Sarajevo 2018}) 7... Bxc5 8. Nf3 Ng6 9. O-O-O {The position is equal.} Bd7 10. Bd3 Rc8 $146 ({Predecessor:} 10... Qc7 11. Nb5 Qb6 12. Be3 d4 13. Bxd4 Nxd4 14. Nfxd4 Bxd4 {0-1 (33) Omelka,M-Novosak,J (2160) Plzen 1995}) 11. a3 a6 12. Rhe1 Nce7 $36 {[%mdl 2048] White is under pressure.} 13. Ng5 (13. Re2 $11 {remains equal.}) 13... h6 $17 14. Nxf7 Kxf7 15. f4 (15. Nxd5 $142 Nxd5 16. Bxg6+ Kg8 17. Bf7+ Kf8 18. Qf3) 15... Be8 16. g4 $2 {[#]} (16. Bxg6+ $17 {was necessary.} Nxg6 17. f5 exf5 18. Qxf5+ Kg8 19. Nxd5) 16... Kg8 $1 $19 {...Nxf4! is the strong threat.} 17. Qh3 {[#]} h5 $1 18. gxh5 Nf8 19. Be2 Nf5 20. Bg4 {[#]} Bxh5 $1 {[%mdl 512]} 21. Bxh5 {Threatens to win with Bf7+!} g6 22. Qg2 Rxh5 23. Kb1 Qc7 24. Nxd5 (24. Rc1 $142) 24... exd5 {Black is clearly winning.} 25. Qxd5+ Kh7 26. Qb3 Qb6 27. Qf7+ Ng7 28. Bc3 {Hoping for e6.} Rf5 29. Qc4 Qb5 30. Qa2 Bf2 31. Rf1 Rxc3 32. Rxf2 Rc4 33. Rf3 Nfe6 34. Rh3+ Rh5 35. Rb3 {[#]} Rd4 $1 {[%cal Rd4d1][%mdl 512]} 36. Rbd3 Rxd3 37. cxd3 Rxh2 {Precision: White = 35%, Black = 81%.} 0-1

[Event "79th ARM-ch 1st League 2018"]
[Site "Yerevan"]
[Date "2018.08.18"]
[Round "9"]
[White "Hayrapetyan, Hovik"]
[Black "Davtyan, Artur"]
[Result "0-1"]
[WhiteElo "2439"]
[BlackElo "2353"]
[Annotator "TA"]
[PlyCount "72"]
[EventDate "2018.08.09"]
[EventType "tourn"]
[EventCountry "ARM"]
[SourceTitle "playchess.com"]
[Source "ChessBase"]
[SourceQuality "1"]

{[%evp 14,72,8,0,25,-3,0,16,14,0,65,70,73,64,70,88,112,92,156,161,154,158,158,109,139,55,66,-12,-13,-26,0,0,0,-22,-16,-39,-38,-38,-65,-165,-159,-145,-161,-149,-155,-266,-115,-135,0,-116,-136,-592,-565,-745,-748,-711,-46,-29995,-29996,-29996,-29997]} 1. d4 {CB} Nf6 2. c4 e6 3. Nc3 Bb4 4. Qc2 c5 5. dxc5 O-O 6. Nf3 Na6 7. c6 {E39: Nimzoindisch (4.Dc2)} bxc6 8. e3 {LiveBook: 13 Partien} Rb8 $146 ({Vorgänger:} 8... d5 9. Be2 Ne4 10. O-O Nxc3 11. bxc3 Be7 12. Rb1 Nc5 13. Ba3 Ne4 14. Bxe7 Qxe7 {1-0 (36) Eljanov,P (2702)-Jakovenko,D (2724) Poikovsky 2013 CBM 156 [CB]}) 9. Be2 {Weiß hat minimalen Vorteil.} Bxc3+ 10. Qxc3 Ne4 11. Qc2 Qa5+ ({Lieber} 11... d5 $11) 12. Nd2 $1 $14 d5 13. O-O $1 Nac5 14. f3 Nd6 15. a3 $1 Nf5 ({Besser ist} 15... Nd7) 16. b4 $16 Qa4 17. Qc3 $1 Nd7 18. Bb2 {zielt auf g4 ab.} e5 19. Nb3 (19. cxd5 $16 cxd5 20. Qd3) 19... c5 $1 $14 {[%cal Rc5b4]} 20. g4 (20. cxd5 $6 cxb4 21. Qd3 Ba6 $11) (20. Bd1 $14) 20... d4 $11 21. exd4 exd4 22. Qd3 Nh4 23. Bd1 Qc6 24. bxc5 Ne5 25. Qxd4 Qxf3 {[%csl Gh4][%cal Rf3g2]} 26. Qf2 {[#]} (26. Rf2 $1 $15 Bb7 27. Bxf3 Nhxf3+ 28. Kf1 Nxd4 29. Nxd4) 26... Bb7 $3 $19 {[%csl Gb7][%cal Rf3h1][%mdl 512]} 27. Qxf3 (27. Bxf3 $2 {zu gefräßig.} Nexf3+ 28. Qxf3 (28. Kh1 $2 Ng5+ 29. Qf3 Bxf3+ $19) 28... Nxf3+ 29. Rxf3 Bxf3 $19) 27... Nexf3+ $40 {[%mdl 128] Schwarz geht auf den König.} 28. Kf2 {[#]} f5 $1 {[%cal Rf5g4,Bf7f5,Bf5f4][%mdl 1056] Schwarz hat starke Kompensation.} ({Jedoch nicht} 28... Nxh2 29. Be5 $15) 29. g5 (29. Nd4 $17 {ist wohl besser.}) 29... Be4 ({Schwächer ist} 29... Nxh2 30. Be5 $17) (29... f4 $19 30. g6 hxg6) 30. Bc1 $17 Bd3 (30... f4 $17 31. Bxf3 Nxf3) 31. Rh1 {[#]} (31. Bf4 $11 {war der einzige Weg, das Gleichgewicht zu behalten.}) 31... f4 $1 32. c6 $2 {[%mdl 8192]} (32. Bxf3 $17 Nxf3 33. Kxf3 Rxb3 34. Kf2) 32... Nxg5 $19 33. Nc5 Bxc4 34. Bg4 Rbe8 $2 (34... Rb5 $19 35. Re1 Rxc5) 35. c7 $2 {[%mdl 8192] [#]} (35. Re1 $15 Rxe1 36. Kxe1 Nhf3+ 37. Kf2) 35... Nh3+ $1 {[%mdl 512]} 36. Bxh3 Re2+ {Precision: Weiß = 31%, Schwarz = 57%.} 0-1

[Event "79th ARM-ch 1st League 2018"]
[Site "Yerevan"]
[Date "2018.08.18"]
[Round "9"]
[White "Hayrapetyan, Artavazd R."]
[Black "Sargsyan, Shant"]
[Result "0-1"]
[WhiteElo "2371"]
[BlackElo "2472"]
[Annotator "TA"]
[PlyCount "92"]
[EventDate "2018.08.09"]
[EventType "tourn"]
[EventCountry "ARM"]
[SourceTitle "playchess.com"]
[Source "ChessBase"]
[SourceQuality "1"]

{[%evp 22,92,-12,-11,-10,-20,-12,-21,-12,-61,-53,-64,-70,-102,-128,-117,-101,-127,-131,-121,-122,-147,-52,-33,-35,-33,-8,-16,-11,-76,-52,-46,0,-8,0,-29,-44,-42,-38,-47,-27,-99,0,0,-28,-20,0,-27,-22,-39,-17,-66,-34,-50,-37,-72,-71,-107,-72,-286,-292,-301,-217,-210,-216,-325,-318,-570,-491,-489,-486,-485,-475]} 1. d4 Nf6 2. c4 g6 3. Nc3 d5 4. Nf3 Bg7 5. Bg5 Ne4 6. Bh4 Nxc3 7. bxc3 dxc4 8. e3 b5 9. a4 c6 10. Qb1 {D91: Grünfeldindisch (5.Lg5)} a6 11. Be2 O-O (11... Nd7 12. O-O Nb6 13. Ne5 Bxe5 14. dxe5 Nxa4 15. Bf3 Nxc3 16. Qb4 Nd5 17. Qc5 Bb7 {1-0 (40) Nakamura,H (2767)-Aronian,L (2797) Saint Louis 2014}) 12. O-O {LiveBook: 3 Partien. Die Stellung ist ausgeglichen.} Bf6 $146 ({Vorgänger:} 12... Nd7 13. Qe4 Nf6 14. Bxf6 Bxf6 15. Qxc6 Bd7 16. Qc5 Qc8 17. Qb4 Bc6 {1-0 (46) Lamard,G (2347)-O'Sullivan,T (2238) Agen 2017}) 13. Bg3 Nd7 14. Nd2 Nb6 15. Qc2 Nxa4 16. Bxc4 c5 17. Ne4 cxd4 18. cxd4 {[#]} Bb7 $1 19. Bb3 Rc8 20. Nxf6+ exf6 21. Qd2 Nc5 ({Besser ist} 21... Nc3 $17 22. d5 Bxd5 23. Bxd5 Qxd5 24. Qxd5 Nxd5 25. Rxa6 Rfe8) 22. Bc2 $1 $15 f5 23. f3 Re8 24. Rfd1 Nd7 25. d5 (25. Bb3 $11) 25... Qb6 26. Bf2 Qd6 27. Bb3 Ne5 28. e4 fxe4 29. fxe4 Ng4 (29... a5 $5 30. Rxa5 Ng4 $11) 30. Bg3 Qc5+ 31. Kh1 (31. Qd4 $11 {bleibt in der Remisbreite.}) 31... Qc3 (31... Rxe4 $17 32. d6 Ne3) 32. d6 $11 {d7 ist eine echte Drohung.} Qxb3 33. d7 Bxe4 34. Qd4 {zielt auf Dxe4! ab.} Rcd8 35. dxe8=Q+ Rxe8 36. Qd7 Nf6 {[%cal Bg4f6,Bf6h5,Bh5f4,Bf4g2,Bg2e3][%mdl 32]} (36... Bxg2+ $5 37. Kg1 Re4 $17) 37. Qd4 Qe6 38. Qa7 Nh5 39. Bd6 Ra8 40. Qb6 $2 {[#]} (40. Qd4 $17 {war einen Versuch wert.}) 40... Nf4 $1 {[%mdl 512]} 41. Rd2 (41. Bxf4 Qxb6) 41... Re8 42. Kg1 Ba8 43. Qf2 (43. h3 {war angesagt.}) 43... Nxg2 $19 44. Rxa6 $2 (44. h3 {ist wohl besser.}) 44... Ne3 {( -> ...De4). Schwarz steht klar auf Gewinn.} 45. Re2 Qd5 {[%csl Ga8][%cal Rd5h1]} 46. Rxa8 Rxa8 {Precision: Weiß = 44%, Schwarz = 60%.} 0-1